书目信息 |
| 题名: |
2016年法律硕士联考大串讲
|
|
| 作者: | 朱力宇 , 孟唯 主编 | |
| 分册: | ||
| 出版信息: | 北京 中国人民大学出版社 2015 |
|
| 页数: | 464页 | |
| 开本: | 26cm | |
| 丛书名: | ||
| 单 册: | ||
| 中图分类: | D9 | |
| 科图分类: | ||
| 主题词: | 法律--Fa Lv--硕士生入学考试--升学参考资料 | |
| 电子资源: | ||
| ISBN: | 978-7-300-22023-9 | |
| 000 | 00947nam0 22002531 450 | |
| 001 | 0101082353 | |
| 005 | 20161201101348.14 | |
| 010 | @a978-7-300-22023-9@dCNY68.00 | |
| 100 | @a20151215d2015 em y0chiy50 ea | |
| 101 | 0 | @achi |
| 102 | @aCN@b110000 | |
| 105 | @ay z 000yy | |
| 106 | @ar | |
| 200 | 1 | @a2016年法律硕士联考大串讲@A2016Nian Fa Lv Shuo Shi Lian Kao Da Chuan Jiang@f朱力宇,孟唯主编 |
| 210 | @a北京@c中国人民大学出版社@d2015 | |
| 215 | @a464页@d26cm | |
| 300 | @a适用于非法学方向考生 | |
| 330 | @a本书集中反映了作者长期参与命题、阅卷和考试辅导的经验,涵盖了考试大纲和考试指南的知识点和命题重点,串讲内容符合法律硕士联考的命题标准。全书内容包括:刑法学、民法学、法理学、中国宪法学和中国法制史。 | |
| 606 | 0 | @a法律@AFa Lv@x硕士生入学考试@j升学参考资料 |
| 690 | @aD9@v5 | |
| 701 | 0 | @a朱力宇@AZhu Li Yu@f(1952~)@4主编 |
| 701 | 0 | @a孟唯@AMeng Wei@4主编 |
| 801 | 0 | @aCN@bTANGWEI@c20161128 |
| 905 | @b0950525-9@dD9@e664@f5 | |
| 2016年法律硕士联考大串讲/朱力宇,孟唯主编 .-北京:中国人民大学出版社,2015 |
| 464页;26cm |
| 适用于非法学方向考生 |
| ISBN 978-7-300-22023-9:CNY68.00 |
| 本书集中反映了作者长期参与命题、阅卷和考试辅导的经验,涵盖了考试大纲和考试指南的知识点和命题重点,串讲内容符合法律硕士联考的命题标准。全书内容包括:刑法学、民法学、法理学、中国宪法学和中国法制史。 |
| ● |
| 相关链接 |
|
|
|
|
正题名:2016年法律硕士联考大串讲
索取号:D9/664
 
预约/预借
| 序号 | 登录号 | 条形码 | 馆藏地/架位号 | 状态 | 备注 |
| 1 | 0950525 | 209505258 | 第一样本阅览室/ [索取号:D9/664] | 在馆 | |
| 2 | 0950526 | 209505267 | 第一借阅区/ [索取号:D9/664] | 在馆 | |
| 3 | 0950527 | 209505276 | 第一借阅区/ [索取号:D9/664] | 在馆 | |
| 4 | 0950528 | 209505285 | 密集书库-史法系/ [索取号:D9/664] | 在馆 | |
| 5 | 0950529 | 209505294 | 第一借阅区/ [索取号:D9/664] | 在馆 |